000 01557cam a22003138a 4500
001 15790576
003 ARRUPE
005 20131008172905.0
008 090624s2009 cau b 001 0 eng c
010 _a 2009026320
020 _a9780804752367 (cloth : alk. paper)
020 _a9780804752374 (pbk. : alk. paper)
040 _aCSt/DLC
_cDLC
_dDLC
042 _apcc
050 0 0 _aJC596.2.U5
_bN57 2010
100 1 _aNissenbaum, Helen Fay.
_92288
245 1 0 _aPrivacy in context :
_btechnology, policy, and the integrity of social life /
_cHelen Nissenbaum.
260 _aStanford, Calif. :
_bStanford Law Books,
_cc2010.
300 _axiv, 288 p. ;
_c24 cm.
504 _aIncludes bibliographical references (p. 257-279) and index.
505 0 _aKeeping track and watching over us -- Knowing us better than we know ourselves : massive and deep databases -- Capacity to spread and find everything, everywhere -- Locating the value in privacy -- Privacy in private -- Puzzles, paradoxes, and privacy in public -- Contexts, informational norms, actors, attributes, and transmission principles -- Breaking rules for good -- Privacy rights in context : applying the framework.
650 0 _aPrivacy, Right of
_zUnited States.
_92289
650 0 _aInformation technology
_xSocial aspects
_zUnited States.
_92290
650 0 _aInformation policy
_zUnited States.
_92291
650 0 _aSocial norms.
_92292
906 _a7
_bcbc
_corignew
_d1
_eecip
_f20
_gy-gencatlg
942 _2lcc
_cMONOGRAPH
999 _c118291
_d118291